Problém fiskální nerovnováhy

Rozpočtový deficit a verejný dlh. Koncept fiškálnej nerovnováhy. Fiškálna nerovnováha a hospodárska politika v európskom kontexte. Fiškálna nerovnováha a hospodárska politika v ČR.

Salvato in:
Dettagli Bibliografici
Autore principale: Dvořák, Pavel
Natura: Capitolo di libro
Lingua:ceco
Soggetti:
Tags: Aggiungi Tag
Nessun Tag, puoi essere il primo ad aggiungerne!!

MARC

LEADER 00000naa a2200000 4500
001 r016719
005 20221205090249.3
041 0 |a cze 
044 |a CZ 
245 1 0 |a Problém fiskální nerovnováhy  |c Pavel Dvořák 
520 |a Rozpočtový deficit a verejný dlh. Koncept fiškálnej nerovnováhy. Fiškálna nerovnováha a hospodárska politika v európskom kontexte. Fiškálna nerovnováha a hospodárska politika v ČR. 
610 2 0 |a rozpočet štátny 
610 2 0 |a politika rozpočtová 
610 2 0 |a deficit 
610 2 0 |a dlhy verejné 
610 2 0 |a produkt domáci hrubý 
610 2 0 |a politika fiškálna 
610 2 0 |a Česko 
610 2 0 |a Európa 
610 2 0 |a nerovnováha hospodárska 
100 1 |a Dvořák, Pavel